000168230 001__ 168230 000168230 005__ 20260128162438.0 000168230 0248_ $$2sideral$$a147732 000168230 037__ $$aART-2026-147732 000168230 041__ $$aspa 000168230 100__ $$0(orcid)0000-0002-7997-3619$$aSaz Peiro, Pablo Martín 000168230 245__ $$aSeguros, mercado y medicina 000168230 260__ $$c2026 000168230 5060_ $$aAccess copy available to the general public$$fUnrestricted 000168230 540__ $$9info:eu-repo/semantics/openAccess$$aby$$uhttps://creativecommons.org/licenses/by/4.0/deed.es 000168230 655_4 $$ainfo:eu-repo/semantics/other$$vinfo:eu-repo/semantics/publishedVersion 000168230 773__ $$g20, 1 (2026), 3-4$$pMed. natur.$$tMedicina naturista$$x1576-3080 000168230 8564_ $$s108702$$uhttps://zaguan.unizar.es/record/168230/files/texto_completo.pdf$$yVersión publicada 000168230 8564_ $$s2200930$$uhttps://zaguan.unizar.es/record/168230/files/texto_completo.jpg?subformat=icon$$xicon$$yVersión publicada 000168230 909CO $$ooai:zaguan.unizar.es:168230$$particulos$$pdriver 000168230 951__ $$a2026-01-28-15:38:20 000168230 980__ $$aARTICLE